000 00913nam a22002897a 4500
003 CHAP
005 20220329133833.0
008 971013s1980 r 00010 d
010 _a11603
011 _a12575
035 _a15761
040 _cCHAP
090 _aFolleto 10610
110 _aMéxico. Dirección General de Sanidad Animal
_977044
245 _aRecolección y envío de muestras de laboratorio de diagnóstico veterinario
260 _aMéxico, D. F. :
_bLa Dirección,
_c1980
300 _a24 p.
_b: ilus.
500 _aD14-197
590 _aBATCH-UPD
_b10
_c20130110
_lUCH01
_h2333
590 _aBATCH-UPD
_b10
_c20130410
_lUCH01
_h1622
590 _aBATCH-UPD
_b10
_c20130914
_lUCH01
_h2102
590 _aCONVERSION
_b10
_c20130109
_lUCH01
_h1308
650 1 4 _aVeterinaria
_xDiagnóstico.
_9118992
901 _aBK
942 _cFOLL
949 _aFolleto 10610
_bBC
_cFOLL
_d-27970
_eTS1
_i15761
_mD
_si
999 _c11603
_d11603